CSS Framework Alternatives Explore Five Lightweight Alternatives to Bootstrap and Foundation with Project Examples /

Learn how to use lightweight CSS framework alternatives to build intuitive websites. This book presents five project examples that use Skeleton, Miligram, UI Kit, Material Design Lite and Susy. This no-nonsense introduction will help you understand the concept of designing interactive websites using...

Full description

Bibliographic Details
Main Authors: Shenoy, Aravind (Author, http://id.loc.gov/vocabulary/relators/aut), Prabhu, Anirudh (http://id.loc.gov/vocabulary/relators/aut)
Corporate Author: SpringerLink (Online service)
Format: Electronic eBook
Language:English
Published: Berkeley, CA : Apress : Imprint: Apress, 2018.
Edition:1st ed. 2018.
Subjects:
Online Access:Full Text via HEAL-Link
LEADER 02846nam a2200445 4500
001 978-1-4842-3399-3
003 DE-He213
005 20190806161541.0
007 cr nn 008mamaa
008 180310s2018 xxu| s |||| 0|eng d
020 |a 9781484233993  |9 978-1-4842-3399-3 
024 7 |a 10.1007/978-1-4842-3399-3  |2 doi 
040 |d GrThAP 
050 4 |a QA76.6-76.66 
072 7 |a UMW  |2 bicssc 
072 7 |a COM060160  |2 bisacsh 
072 7 |a UMW  |2 thema 
082 0 4 |a 006.76  |2 23 
100 1 |a Shenoy, Aravind.  |e author.  |4 aut  |4 http://id.loc.gov/vocabulary/relators/aut 
245 1 0 |a CSS Framework Alternatives  |h [electronic resource] :  |b Explore Five Lightweight Alternatives to Bootstrap and Foundation with Project Examples /  |c by Aravind Shenoy, Anirudh Prabhu. 
250 |a 1st ed. 2018. 
264 1 |a Berkeley, CA :  |b Apress :  |b Imprint: Apress,  |c 2018. 
300 |a XIII, 171 p. 74 illus.  |b online resource. 
336 |a text  |b txt  |2 rdacontent 
337 |a computer  |b c  |2 rdamedia 
338 |a online resource  |b cr  |2 rdacarrier 
347 |a text file  |b PDF  |2 rda 
505 0 |a 1. Choosing Lightweight Frameworks for Intuitive Web Design -- 2. Building a Landing Page with Skeleton -- 3. Building a Product Page with Milligram -- 4. Introducing UI Kit -- 5. Material Design Lite Explained -- 6. Susy Explained. 
520 |a Learn how to use lightweight CSS framework alternatives to build intuitive websites. This book presents five project examples that use Skeleton, Miligram, UI Kit, Material Design Lite and Susy. This no-nonsense introduction will help you understand the concept of designing interactive websites using these frameworks with ease. Each framework is demonstrated through a practical project in an easy-to-understand manner. Web design is streamlined nowadays thanks to CSS frameworks and, although Bootstrap and Foundation rule the roost with web design, you don't need an exhaustive framework like these for smaller websites.You'll get a glimpse into additional front-end frameworks which basically are pre-prepared packages containing structure of files and folders of HTML and CSS documents (some with JavaScript functions) that help designers and developers build interactive and immersive websites. 
650 0 |a Computer programming. 
650 1 4 |a Web Development.  |0 http://scigraph.springernature.com/things/product-market-codes/I29050 
700 1 |a Prabhu, Anirudh.  |e author.  |4 aut  |4 http://id.loc.gov/vocabulary/relators/aut 
710 2 |a SpringerLink (Online service) 
773 0 |t Springer eBooks 
776 0 8 |i Printed edition:  |z 9781484233986 
776 0 8 |i Printed edition:  |z 9781484234006 
776 0 8 |i Printed edition:  |z 9781484247945 
856 4 0 |u https://doi.org/10.1007/978-1-4842-3399-3  |z Full Text via HEAL-Link 
912 |a ZDB-2-CWD 
950 |a Professional and Applied Computing (Springer-12059)